<?xml version="1.0" encoding="UTF-8"?>
<record
    xmlns:xsi="http://www.w3.org/2001/XMLSchema-instance"
    xsi:schemaLocation="http://www.loc.gov/MARC21/slim http://www.loc.gov/standards/marcxml/schema/MARC21slim.xsd"
    xmlns="http://www.loc.gov/MARC21/slim">

  <leader>03484nam a2200265 a 4500</leader>
  <controlfield tag="001">000008394</controlfield>
  <controlfield tag="005">20240302073956.0</controlfield>
  <controlfield tag="008">090916s2003    dr b          000 0 spa d</controlfield>
  <datafield tag="020" ind1=" " ind2=" ">
    <subfield code="a">9597006804</subfield>
  </datafield>
  <datafield tag="040" ind1=" " ind2=" ">
    <subfield code="a">DO-SdBNP</subfield>
    <subfield code="b">spa</subfield>
    <subfield code="c">BNPHU</subfield>
  </datafield>
  <datafield tag="082" ind1=" " ind2=" ">
    <subfield code="a">972.91</subfield>
  </datafield>
  <datafield tag="245" ind1="0" ind2="0">
    <subfield code="a">Correspondencia Jos&#xE9; Mart&#xED;-M&#xE1;ximo G&#xF3;mez /</subfield>
    <subfield code="c">edici&#xF3;n, correcci&#xF3;n y compilaci&#xF3;n Nadia Garc&#xED;a Estrada y Rafael Ram&#xED;rez Garc&#xED;a.</subfield>
  </datafield>
  <datafield tag="260" ind1=" " ind2=" ">
    <subfield code="a">La Habana :</subfield>
    <subfield code="b">Centro de Estudios Martianos,</subfield>
    <subfield code="c">2003.</subfield>
  </datafield>
  <datafield tag="300" ind1=" " ind2=" ">
    <subfield code="a">240 p. :</subfield>
    <subfield code="b">map. ;</subfield>
    <subfield code="c">21 cm.</subfield>
  </datafield>
  <datafield tag="500" ind1=" " ind2=" ">
    <subfield code="a">Incluye referencias y notas al pie de las p&#xE1;ginas.</subfield>
  </datafield>
  <datafield tag="505" ind1="0" ind2=" ">
    <subfield code="a">Pr&#xF3;logo -- Carta a G&#xF3;mez [Guatemala,1877] -- Carta a G&#xF3;mez [N. York, 20 de julio de 1882] -- Carta a Mart&#xED; [San Pedro de Sula, Honduras, 8 de octubre de 1882] -- Carta a G&#xF3;mez [N. York, 20 de octubre de 1884] -- Anotaci&#xF3;n a G&#xF3;mez [N. York, 22 de octubre de 1884] -- Circular de Mart&#xED; [N. York, 16 de diciembre de 1887] -- Carta de G&#xF3;mez a la Cominisi&#xF3;n de Nueva York [Panam&#xE1;, 25 de enero de 1888] -- Carta a G&#xF3;mez [Santiago de los Caballeros, Rep&#xFA;blica Dominicana, 13 de septiembre de 1892] -- Carta a Mart&#xED; [Santiago de los Caballeros, Rep&#xFA;blica Dominicana, 15 de septiembre de 1892] -- Carta a G&#xF3;mez [Santo Domingo, 19 de septiembre de 1892] -- Carta a G&#xF3;mez [Key West, 6 de mayo de 1893] -- Carta a G&#xF3;mez [Cabo Haitiano, 6 de mayo de 1893] -- Carta a G&#xF3;mez [N. York, 30 de agosto de 1893] -- Carta a G&#xF3;mez [Montecristi, Rep&#xFA;blica Dominicana, 18 de septiembre de 1893] -- Carta a G&#xF3;mez [N. York, 10 de noviembre de 1893] -- Carta a G&#xF3;mez [N. York, 23 de noviembre de 1893] -- Carta a G&#xF3;mez [N. York, 4 de enero de 1893 [1894]] -- Carta a G&#xF3;mez [N. York, 01 de febrero de 1894] -- Carta a G&#xF3;mez [N. York, (20) 21 de febrero de 1894] -- Carta a G&#xF3;mez [N. York, 3 de marzo de 1894] -- Carta a G&#xF3;mez [N. York, 24 de marzo de 1894] -- Carta a Mart&#xED; [N. York, 17 de abril de 1894] -- Patria [N. York, 17 de abril de 1894] -- Carta a G&#xF3;mez [N. York, 17 de abril de 1894] -- Carta a G&#xF3;mez [N. York, 12 de mayo de 1894] -- Carta a G&#xF3;mez [New Orleans, 31 de mayo de 1894] -- Carta a G&#xF3;mez [Kingston, Jamaica, 25 de junio de 1894] -- Carta a G&#xF3;mez [New Orleans,15 de julio de 1894] -- Carta a G&#xF3;mez [N. York, 30 de agosto de 1894] --</subfield>
  </datafield>
  <datafield tag="505" ind1="0" ind2=" ">
    <subfield code="a">Carta a G&#xF3;mez [Central Valey, 8 de septiembre de 1894] -- Carta a Mart&#xED; [Montecristi, 25 de septiembre de 1894] -- Carta a G&#xF3;mez [N. York, 20 de octubre de 1894] -- Carta a G&#xF3;mez [N. York, 3 de novuembre de 1894] -- Carta a Mart&#xED; de Seraf&#xED;n S&#xE1;nchez [N. York, 13 de noviembre de 1894] -- Carta a G&#xF3;mez [N. York, 8 de diciembre de 1894] -- Carta a G&#xF3;mez [N. York, 19 de enero de 1895] -- Carta a Mart&#xED; [Montecristi, 2 de febrero de 1895] -- Carta a G&#xF3;mez [Dajab&#xF3;n, Santo Domingo,1 de marzo de 1895] -- Carta a Mart&#xED; [Montecristi,4 de marzo de 1895] -- Carta a G&#xF3;mez [Montecristi,11 de marzo de 1895] -- Carta a Mart&#xED; [Jurisdicci&#xF3;n de Guant&#xE1;namo,16 de mayo de 1895] -- Cartas a G&#xF3;mez [Dos R&#xED;os, 19 de mayo de 1895] -- Comentarios de Jos&#xE9; Mart&#xED; sobre M&#xE1;ximo G&#xF3;mez -- Comentarios de M&#xE1;ximo G&#xF3;mez sobre Jos&#xE9; Mart&#xED; -- Cablegramas -- Anexos.</subfield>
  </datafield>
  <datafield tag="600" ind1="1" ind2="4">
    <subfield code="a">MART&#xCD;, JOS&#xC9;</subfield>
    <subfield code="d">1853-1895</subfield>
    <subfield code="v">CORRESPONDENCIA</subfield>
    <subfield code="9">20705</subfield>
  </datafield>
  <datafield tag="600" ind1="1" ind2="0">
    <subfield code="a">G&#xF3;mez, M&#xE1;ximo,</subfield>
    <subfield code="d">1836-1905</subfield>
    <subfield code="9">12249</subfield>
  </datafield>
  <datafield tag="650" ind1=" " ind2="4">
    <subfield code="a">Revolucionarios</subfield>
    <subfield code="z">Cuba</subfield>
    <subfield code="x">Correspondencia</subfield>
    <subfield code="9">22632</subfield>
  </datafield>
  <datafield tag="651" ind1=" " ind2="4">
    <subfield code="a">Cuba</subfield>
    <subfield code="x">Historia</subfield>
    <subfield code="y">1878-1895</subfield>
    <subfield code="9">16132</subfield>
  </datafield>
  <datafield tag="700" ind1="1" ind2=" ">
    <subfield code="a">Garc&#xED;a Estrada, Nadia,</subfield>
    <subfield code="e">ed.</subfield>
    <subfield code="9">22633</subfield>
  </datafield>
  <datafield tag="700" ind1="1" ind2=" ">
    <subfield code="a">Ram&#xED;rez Garc&#xED;a, Rafael,</subfield>
    <subfield code="e">comp.,</subfield>
    <subfield code="e">rev.</subfield>
    <subfield code="9">22634</subfield>
  </datafield>
  <datafield tag="049" ind1=" " ind2=" ">
    <subfield code="a">BNPD</subfield>
  </datafield>
  <datafield tag="952" ind1=" " ind2=" ">
    <subfield code="0">0</subfield>
    <subfield code="1">0</subfield>
    <subfield code="5">4</subfield>
    <subfield code="7">0</subfield>
    <subfield code="8">DS</subfield>
    <subfield code="a">GR</subfield>
    <subfield code="b">GR</subfield>
    <subfield code="c">CT</subfield>
    <subfield code="d">2009-09-16</subfield>
    <subfield code="i">LF1</subfield>
    <subfield code="l">0</subfield>
    <subfield code="o">972.91 </subfield>
    <subfield code="p">8394-30</subfield>
    <subfield code="r">2020-06-25</subfield>
    <subfield code="t">e. 3</subfield>
    <subfield code="w">2020-06-25</subfield>
    <subfield code="y">LFDS</subfield>
    <subfield code="Z">Pr&#xE9;stamo en sala</subfield>
  </datafield>
  <datafield tag="952" ind1=" " ind2=" ">
    <subfield code="0">0</subfield>
    <subfield code="1">0</subfield>
    <subfield code="5">2</subfield>
    <subfield code="7">0</subfield>
    <subfield code="8">DS</subfield>
    <subfield code="a">GR</subfield>
    <subfield code="b">GR</subfield>
    <subfield code="c">CT</subfield>
    <subfield code="d">2010-02-03</subfield>
    <subfield code="i">LF1</subfield>
    <subfield code="l">0</subfield>
    <subfield code="o">972.91 </subfield>
    <subfield code="p">8394-40</subfield>
    <subfield code="r">2020-06-25</subfield>
    <subfield code="t">e. 4</subfield>
    <subfield code="w">2020-06-25</subfield>
    <subfield code="y">LFDS</subfield>
    <subfield code="Z">Pr&#xE9;stamo interno</subfield>
  </datafield>
  <datafield tag="952" ind1=" " ind2=" ">
    <subfield code="0">0</subfield>
    <subfield code="1">0</subfield>
    <subfield code="5">2</subfield>
    <subfield code="7">0</subfield>
    <subfield code="8">DS</subfield>
    <subfield code="a">GR</subfield>
    <subfield code="b">GR</subfield>
    <subfield code="c">CT</subfield>
    <subfield code="d">2010-02-03</subfield>
    <subfield code="i">LF1</subfield>
    <subfield code="l">0</subfield>
    <subfield code="o">972.91 </subfield>
    <subfield code="p">8394-50</subfield>
    <subfield code="r">2020-06-25</subfield>
    <subfield code="t">e. 5</subfield>
    <subfield code="w">2020-06-25</subfield>
    <subfield code="y">LFDS</subfield>
    <subfield code="Z">Pr&#xE9;stamo interno</subfield>
  </datafield>
  <datafield tag="952" ind1=" " ind2=" ">
    <subfield code="0">0</subfield>
    <subfield code="1">0</subfield>
    <subfield code="7">1</subfield>
    <subfield code="8">PD</subfield>
    <subfield code="a">PD</subfield>
    <subfield code="b">PD</subfield>
    <subfield code="c">HD</subfield>
    <subfield code="d">2009-09-16</subfield>
    <subfield code="i">LF1</subfield>
    <subfield code="l">0</subfield>
    <subfield code="o">972.91 </subfield>
    <subfield code="p">8394-10</subfield>
    <subfield code="r">2020-06-25</subfield>
    <subfield code="w">2020-06-25</subfield>
    <subfield code="y">LFPD</subfield>
    <subfield code="Z">No se presta</subfield>
  </datafield>
  <datafield tag="952" ind1=" " ind2=" ">
    <subfield code="0">0</subfield>
    <subfield code="1">0</subfield>
    <subfield code="7">1</subfield>
    <subfield code="8">PD</subfield>
    <subfield code="a">PD</subfield>
    <subfield code="b">PD</subfield>
    <subfield code="c">CT</subfield>
    <subfield code="d">2009-09-16</subfield>
    <subfield code="i">LF1</subfield>
    <subfield code="l">0</subfield>
    <subfield code="o">972.91 </subfield>
    <subfield code="p">8394-20</subfield>
    <subfield code="r">2020-06-25</subfield>
    <subfield code="t">e. 2</subfield>
    <subfield code="w">2020-06-25</subfield>
    <subfield code="y">LFPD</subfield>
    <subfield code="Z">No se presta</subfield>
  </datafield>
  <datafield tag="999" ind1=" " ind2=" ">
    <subfield code="c">8165</subfield>
    <subfield code="d">8165</subfield>
  </datafield>
</record>
